Lo limpio y lo sucio: la higiene del cuerpo desde la edad media

Saved in:
Bibliografiske detaljer
Hovedforfatter: Vigarello, Georges (Author)
Format: Bog
Sprog:spansk
Udgivet: Madrid Alianza 1991
Fag:
Tags: Tilføj Tag
Ingen Tags, Vær først til at tagge denne postø!

MARC

LEADER 00000nam a2200000 a 4500
001 UCW0035
003 CL-VaPUC
008 930913e19910000SP |||||||||||||||||spa|d
082 0 4 |a 613  |b VIG  |2 21 
100 |a Vigarello, Georges  |e author  |9 502695 
245 1 3 |a Lo limpio y lo sucio: la higiene del cuerpo desde la edad media 
300 |a 323 p 
942 |c BK 
945 |d 19930913 00:00:00 
260 |a Madrid  |b Alianza  |c 1991 
650 7 |a HIGIENE HISTORIA  |2 CL-VaPUC  |9 269052 
650 0 |a Baños  |9 269053 
650 7 |a CUARTOS DE BAÑO  |2 CL-VaPUC  |9 269054 
583 |a last modification  |c 19930913 00:00:00  |k Rodrigo Vera 
999 |c 215287  |d 215285 
952 |0 0  |1 0  |4 0  |6 613_000000000000000_VIG_1991  |7 0  |8 A  |9 199372  |a BIBARQ  |b BIBARQ  |d 2019-11-14  |i 2666758  |l 6  |m 3  |o 613 VIG 1991  |p 2666758  |q 2025-07-18  |r 2024-04-29  |s 2024-04-29  |w 2019-11-14  |y BK  |k ARQ